[Event "Vaxjo op"]
[Site "Vaxjo"]
[Date "2023.02.11"]
[Round "6"]
[White "Burwick, Malte"]
[Black "Golubka, Petr"]
[Result "0-1"]
[WhiteElo "2219"]
[BlackElo "2363"]
[PlyCount "118"]
[EventDate "2023.02.10"]
[EventType "swiss"]
[EventRounds "8"]
[EventCountry "SWE"]
[SourceTitle "CBM 212 Extra"]
[Source "ChessBase"]
[SourceDate "2023.03.31"]
[SourceVersion "1"]
[SourceVersionDate "2023.03.31"]
[SourceQuality "1"]

1. Nf3 Nf6 2. g3 g6 3. Bg2 Bg7 4. 0-0 0-0 5. d4 d6 6. a4 a5 7. Nbd2 Nc6 8. c3 Nd7 9. d5 Nce5 10. Nd4 Nc5 11. f4 Ng4 12. N2b3 Nxb3 13. Qxb3 Bxd4+ 14. cxd4 f5 15. Bd2 Bd7 16. e4 fxe4 17. Bxe4 Nf6 18. Bg2 Kg7 19. h3 h5 20. Rfe1 c6 21. dxc6 bxc6 22. Qe3 Rf7 23. Ra3 Nd5 24. Bxd5 cxd5 25. Qf3 Bxh3 26. Qxd5 Bf5 27. Rae3 Ra7 28. Bc3 Qd7 29. Qb5 Qxb5 30. axb5 Rb7 31. Bxa5 Rxb5 32. Bc3 Kf8 33. Ra1 Rd5 34. Ra5 Rxa5 35. Bxa5 Bd7 36. Be1 h4 37. gxh4 Rxf4 38. Rd3 Bb5 39. Bg3 Rg4 40. Rb3 Bc4 41. Rf3+ Ke8 42. b3 Bd5 43. Rd3 Be4 44. Re3 Bf5 45. d5 Kd7 46. Kf2 Be4 47. Ke2 Bxd5 48. Kd2 e5 49. Kc2 Ke6 50. Kc3 Be4 51. Be1 d5 52. Rh3 Rg1 53. Bd2 d4+ 54. Kb2 Rg2 55. Kc1 Bf5 56. Rh1 e4 57. h5 gxh5 58. Rxh5 e3 59. Bxe3 dxe3 0-1

[Event "Vaxjo op"]
[Site "Vaxjo"]
[Date "2020.02.09"]
[Round "7"]
[White "Burwick, Malte"]
[Black "Nilsson, Eskil"]
[Result "1-0"]
[WhiteElo "2245"]
[BlackElo "2069"]
[PlyCount "87"]
[EventDate "2020.02.07"]
[EventType "swiss"]
[EventRounds "8"]
[EventCountry "SWE"]
[SourceTitle "CBM 194 Extra"]
[Source "ChessBase"]
[SourceDate "2020.03.31"]
[SourceVersion "1"]
[SourceVersionDate "2020.03.31"]
[SourceQuality "1"]

1. Nf3 Nf6 2. g3 g6 3. Bg2 Bg7 4. 0-0 0-0 5. d4 d6 6. a4 a5 7. Re1 Nbd7 8. e4 e5 9. Nc3 exd4 10. Nxd4 Re8 11. Ndb5 h6 12. h3 Nc5 13. e5 dxe5 14. Qxd8 Rxd8 15. Nxc7 Rb8 16. Rxe5 b6 17. Re2 Bb7 18. N7b5 Nd5 19. Bd2 Ne6 20. Nxd5 Bxd5 21. Bxd5 Rxd5 22. c3 Nc5 23. Bf4 Rb7 24. Bd6 Ne6 25. Kf1 Rd7 26. Ba3 h5 27. h4 g5 28. hxg5 Nxg5 29. Re8+ Kh7 30. Kg2 Rd8 31. Rae1 Bf6 32. Rxd8 Rxd8 33. Nd6 Kg6 34. f4 Nh7 35. Kf3 Rd7 36. Re8 Be7 37. Rg8+ Kf6 38. Ne4+ Kf5 39. Bxe7 Rxe7 40. Nd6+ Ke6 41. Rd8 Rc7 42. Nb5 Rc4 43. b3 Ke7 44. Rh8 1-0

[Event "SWE-chT 1920 Superettan"]
[Site "Sweden"]
[Date "2020.01.11"]
[Round "4"]
[White "Andersson, Goran L"]
[Black "Burwick, Malte"]
[Result "1-0"]
[WhiteElo "2275"]
[BlackElo "2256"]
[PlyCount "109"]
[EventDate "2019.10.18"]
[EventType "team-tourn"]
[EventRounds "9"]
[EventCountry "SWE"]
[SourceTitle "EXT 2023"]
[Source "ChessBase"]
[SourceDate "2022.10.05"]
[SourceVersion "1"]
[SourceVersionDate "2022.10.05"]
[SourceQuality "1"]
[WhiteTeam "Kristallen"]
[BlackTeam "Upsala"]
[WhiteTeamCountry "SWE"]
[BlackTeamCountry "SWE"]

1. d4 Nf6 2. c4 g6 3. Nc3 Bg7 4. e4 d6 5. f3 0-0 6. Bg5 c6 7. Qd2 a6 8. 0-0-0 Qa5 9. h4 Re8 10. g4 Nbd7 11. h5 e5 12. d5 cxd5 13. cxd5 b5 14. Kb1 Nc5 15. hxg6 fxg6 16. Rc1 Ra7 17. Nge2 Rf7 18. Ng3 Bd7 19. Be2 Rb8 20. Bh6 Bxh6 21. Rxh6 Qd8 22. Rch1 Ne8 23. Bd1 Qe7 24. Qh2 Rg7 25. g5 Rb7 26. Nce2 b4 27. f4 exf4 28. Nxf4 Bb5 29. Bg4 Qxg5 30. Be6+ Kf8 31. Qf2 Ke7 32. e5 Nd3 33. exd6+ Nxd6 34. Nxd3 Bxd3+ 35. Ka1 Rc7 36. Qe1 Kd8 37. R6h4 a5 38. Rd4 Bf5 39. Nxf5 gxf5 40. a3 bxa3 41. bxa3 Qf6 42. Qh4 Rg5 43. Ka2 Ne4 44. Rxe4 fxe4 45. Qxe4 Rb7 46. Qc2 Rc7 47. Qd2 Qg6 48. Rh2 a4 49. Qb2 Rc4 50. Qh8+ Ke7 51. Rxh7+ Kd6 52. Qb8+ Kc5 53. Qa7+ Kd6 54. Qe7+ Ke5 55. Bd7+ 1-0

[Event "Sundsvall op"]
[Site "Sundsvall"]
[Date "2020.01.04"]
[Round "2"]
[White "Burwick, Malte"]
[Black "Oye Stromberg, Alexander"]
[Result "1-0"]
[WhiteElo "2254"]
[BlackElo "2011"]
[PlyCount "77"]
[EventDate "2020.01.04"]
[EventType "swiss"]
[EventRounds "8"]
[EventCountry "SWE"]
[SourceTitle "CBM 194 Extra"]
[Source "ChessBase"]
[SourceDate "2020.03.31"]
[SourceVersion "1"]
[SourceVersionDate "2020.03.31"]
[SourceQuality "1"]

1. Nf3 Nf6 2. g3 g6 3. Bg2 Bg7 4. 0-0 0-0 5. c4 d6 6. Nc3 Nc6 7. Rb1 e5 8. d3 h6 9. b4 Nd7 10. e4 f5 11. exf5 gxf5 12. Bd2 Nf6 13. b5 Ne7 14. d4 e4 15. Nh4 Be6 16. d5 Bf7 17. f3 exf3 18. Qxf3 Nd7 19. Ne2 Ne5 20. Qb3 Qd7 21. Nf4 N7g6 22. Nfxg6 Bxg6 23. Rf4 Bf6 24. Rbf1 Bg5 25. Rd4 Kg7 26. Bc3 Be3+ 27. Kh1 Bxd4 28. Bxd4 Kh7 29. Bh3 Ng4 30. Qc2 Rg8 31. Nxf5 Raf8 32. Bxg4 Rf7 33. Bh3 Rgf8 34. g4 h5 35. Qd2 Bxf5 36. gxf5 Qe8 37. Qd3 Rf6 38. Qf3 b6 39. Rg1 1-0

[Event "Vaxjo op"]
[Site "Vaxjo"]
[Date "2019.02.10"]
[Round "7"]
[White "Seo, Jung Min"]
[Black "Burwick, Malte"]
[Result "1-0"]
[WhiteElo "2368"]
[BlackElo "2247"]
[PlyCount "81"]
[EventDate "2019.02.08"]
[EventType "swiss"]
[EventRounds "8"]
[EventCountry "SWE"]
[SourceTitle "CBM 188 Extra"]
[Source "ChessBase"]
[SourceDate "2019.02.26"]
[SourceVersion "1"]
[SourceVersionDate "2019.02.26"]
[SourceQuality "1"]

1. c4 g6 2. g3 Bg7 3. Bg2 d6 4. Nc3 e5 5. d3 f5 6. e3 Nf6 7. Nge2 0-0 8. 0-0 Nc6 9. Rb1 a5 10. a3 g5 11. b4 axb4 12. axb4 Kh8 13. Nd5 Nxd5 14. cxd5 Ne7 15. f4 Ng6 16. Qc2 Rf7 17. Bd2 gxf4 18. exf4 Qg8 19. b5 b6 20. fxe5 Bxe5 21. Kh1 Bb7 22. d4 Bg7 23. Qc4 h5 24. Bg5 Qh7 25. Qd3 Re8 26. Rbe1 h4 27. Nf4 Rxe1 28. Rxe1 Nxf4 29. gxf4 Qg8 30. Qh3 Qa8 31. Qf3 Kg8 32. Bxh4 Bxd4 33. Bg5 Rg7 34. h4 Rh7 35. Kh2 Rf7 36. Re6 Qa1 37. Qh5 Bg1+ 38. Kh3 Qc3+ 39. Bf3 Bc5 40. Re8+ Rf8 41. Qg6+ 1-0

[Event "Vaxjo op"]
[Site "Vaxjo"]
[Date "2019.02.09"]
[Round "6"]
[White "Burwick, Malte"]
[Black "Wernberg, Hugo"]
[Result "1-0"]
[WhiteElo "2247"]
[BlackElo "1994"]
[PlyCount "79"]
[EventDate "2019.02.08"]
[EventType "swiss"]
[EventRounds "8"]
[EventCountry "SWE"]
[SourceTitle "CBM 188 Extra"]
[Source "ChessBase"]
[SourceDate "2019.02.26"]
[SourceVersion "1"]
[SourceVersionDate "2019.02.26"]
[SourceQuality "1"]

1. Nf3 d5 2. g3 Nf6 3. Bg2 c6 4. 0-0 h6 5. b3 Bf5 6. Bb2 e6 7. d3 Bc5 8. c4 0-0 9. Nbd2 Re8 10. Ne5 d4 11. a3 Nbd7 12. Nxd7 Qxd7 13. b4 Bb6 14. a4 e5 15. a5 Bc7 16. a6 b6 17. Qa4 b5 18. Qc2 bxc4 19. Qxc4 Nd5 20. b5 Be6 21. bxc6 Qd8 22. Qa4 Qg5 23. Ne4 Qh5 24. Nc5 Qxe2 25. Nxe6 fxe6 26. Qa3 Rab8 27. Rab1 Rf8 28. Bh3 Nb4 29. Bxd4 Nc2 30. Rxb8 Rxb8 31. Qe7 Nxd4 32. Qxc7 Nf3+ 33. Kg2 Rf8 34. Bxe6+ Kh8 35. Qxa7 Nd4 36. Bd5 Qxd3 37. Qe7 Qf5 38. a7 Nc2 39. Qxf8+ Qxf8 40. c7 1-0

[Event "SWE-chT 1819 Superettan"]
[Site "Sweden"]
[Date "2019.01.12"]
[Round "4"]
[White "Fors, Tomas"]
[Black "Burwick, Malte"]
[Result "0-1"]
[WhiteElo "2160"]
[BlackElo "2228"]
[PlyCount "128"]
[EventDate "2018.11.09"]
[EventType "team-tourn"]
[EventRounds "9"]
[EventCountry "SWE"]
[SourceTitle "EXT 2020"]
[Source "ChessBase"]
[SourceDate "2019.10.17"]
[SourceVersion "1"]
[SourceVersionDate "2019.10.17"]
[SourceQuality "1"]
[WhiteTeam "Sodra"]
[BlackTeam "Upsala"]
[WhiteTeamCountry "SWE"]
[BlackTeamCountry "SWE"]

1. d4 Nf6 2. c4 g6 3. Nc3 Bg7 4. e4 d6 5. h3 0-0 6. Bg5 c5 7. d5 e6 8. Bd3 exd5 9. cxd5 Re8 10. Nf3 Na6 11. 0-0 Nc7 12. Re1 Rb8 13. a4 a6 14. a5 Bd7 15. Qb3 h6 16. Bf4 Bb5 17. Na4 Bxd3 18. Qxd3 Nb5 19. Nb6 Nh5 20. Bc1 Qe7 21. Nc4 Rbd8 22. Rb1 Nf6 23. e5 dxe5 24. Rxe5 Qf8 25. Rxe8 Qxe8 26. d6 Qe4 27. Qxe4 Nxe4 28. Bf4 g5 29. Bh2 Nexd6 30. Bxd6 Nxd6 31. Rd1 Bd4 32. Nxd6 Rxd6 33. Nxd4 cxd4 34. Rd3 Rd5 35. Kf1 Kg7 36. Ke2 Kf6 37. Rb3 Rb5 38. Rf3+ Ke6 39. Kd3 Rb4 40. Kc2 f5 41. Ra3 Ke5 42. Ra1 h5 43. Re1+ Kf4 44. Re7 h4 45. Rd7 Ke5 46. Re7+ Kf6 47. Rd7 f4 48. f3 Ke6 49. Rd8 Ra4 50. Re8+ Kf6 51. Rd8 Rxa5 52. Rxd4 Rc5+ 53. Kd2 Rb5 54. Kc2 Ke5 55. Re4+ Kd5 56. Re7 a5 57. Re8 a4 58. Re4 Rc5+ 59. Kd2 b5 60. Re8 Kc4 61. Re2 Kb3 62. Kd3 b4 63. Re4 Rd5+ 64. Ke2 Rb5 0-1

[Event "SWE-chT 1718 Elite"]
[Site "Sweden"]
[Date "2018.03.17"]
[Round "8"]
[White "Livner, Anders"]
[Black "Burwick, Malte"]
[Result "1-0"]
[WhiteElo "2364"]
[BlackElo "2236"]
[PlyCount "141"]
[EventDate "2017.10.20"]
[EventType "team-tourn"]
[EventRounds "9"]
[EventCountry "SWE"]
[SourceTitle "EXT 2019"]
[Source "ChessBase"]
[SourceDate "2018.10.10"]
[SourceVersion "1"]
[SourceVersionDate "2018.10.10"]
[SourceQuality "1"]
[WhiteTeam "Farsta"]
[BlackTeam "Upsala"]
[WhiteTeamCountry "SWE"]
[BlackTeamCountry "SWE"]

1. d4 Nf6 2. g3 c5 3. Nf3 cxd4 4. Nxd4 Nc6 5. c4 Qb6 6. Nc2 Qc5 7. Ne3 e6 8. Nc3 a6 9. a3 b5 10. b4 Qh5 11. Bg2 Be7 12. Bf3 Qe5 13. Bb2 Qb8 14. 0-0 0-0 15. Ncd5 exd5 16. cxd5 Ne5 17. Bxe5 Qxe5 18. d6 Rb8 19. dxe7 Re8 20. Rc1 g6 21. Rc5 Qxe7 22. Rc7 Qe5 23. Ra7 h5 24. Qa1 Kf8 25. Qxe5 Rxe5 26. Rc1 Ke8 27. Nc2 Nd5 28. Nd4 Nb6 29. Rc3 Na4 30. Rcc7 Nb6 31. Nb3 Kd8 32. Na5 Re6 33. Rc3 Ke8 34. Kg2 Rd6 35. h4 Re6 36. Rd3 Kf8 37. Nb3 Na4 38. Rc7 Re8 39. Rd6 Ke7 40. Rd2 Kd8 41. Ra7 Ke7 42. Rc2 Kf6 43. Nd2 Ke5 44. Rcc7 f5 45. Nb3 Re6 46. Nc1 Kf6 47. Nd3 Re8 48. Rc2 Re7 49. Nf4 Nb6 50. Rxc8 Nxc8 51. Rxa6+ d6 52. Nd5+ Ke6 53. Nxe7 Kxe7 54. e4 Kf6 55. exf5 Kxf5 56. Ra5 d5 57. Bxd5 Nd6 58. Bf3 Ke5 59. Ra6 Rd8 60. Rc6 Kd4 61. Rc5 Nc4 62. Rxb5 Nxa3 63. Rb6 Rg8 64. Rc6 Nc4 65. Rc5 Rb8 66. Rd5+ Kc3 67. b5 Rb6 68. Be2 Na5 69. Rd3+ Kc2 70. Ra3 Nb3 71. Ra6 1-0

[Event "SWE Cup"]
[Site "Sweden"]
[Date "2017.03.04"]
[Round "6.4"]
[White "Sorensen, Hampus"]
[Black "Burwick, Malte"]
[Result "0-1"]
[WhiteElo "1888"]
[BlackElo "2225"]
[PlyCount "82"]
[EventDate "2017.01.14"]
[EventType "team-tourn"]
[EventRounds "9"]
[EventCountry "SWE"]
[SourceTitle "EXT 2018"]
[Source "ChessBase"]
[SourceDate "2017.10.13"]
[SourceVersion "1"]
[SourceVersionDate "2017.10.13"]
[SourceQuality "1"]
[WhiteTeam "Stockholm Rockaden II"]
[BlackTeam "Upsala"]
[WhiteTeamCountry "SWE"]
[BlackTeamCountry "SWE"]

1. d4 g6 2. c4 Bg7 3. Nc3 d6 4. e4 Nf6 5. Nf3 0-0 6. Be2 Bg4 7. Be3 Nfd7 8. Ng1 Bxe2 9. Ngxe2 c5 10. h4 Nc6 11. h5 cxd4 12. Nxd4 Nde5 13. hxg6 hxg6 14. Nf5 Nxc4 15. Nh6+ Bxh6 16. Bxh6 Nxb2 17. Qg4 Qa5 18. Qh3 Rfc8 19. Bg5 Qe5 20. Qh7+ Kf8 21. Bh6+ Ke8 22. Bg7 Qe6 23. 0-0 Nc4 24. f4 f5 25. exf5 gxf5 26. Rfe1 Qf7 27. Rab1 b6 28. Rb5 Nd4 29. Rd5 Ne6 30. Rxf5 Qxg7 31. Qh5+ Kd7 32. Rxe6 Qd4+ 33. Kf1 Kxe6 34. Qf7+ Kd7 35. Nd5 Ne3+ 36. Ke2 Nxd5 37. Rxd5 Qe4+ 38. Kf2 Rc2+ 39. Kg3 Rxg2+ 40. Kh4 Qe1+ 41. Kh5 Qh1# 0-1

[Event "Vaxjo op"]
[Site "Vaxjo"]
[Date "2017.02.12"]
[Round "8"]
[White "Carlsson, Ludvig"]
[Black "Burwick, Malte"]
[Result "0-1"]
[WhiteElo "2093"]
[BlackElo "2251"]
[PlyCount "92"]
[EventDate "2017.02.10"]
[EventType "swiss"]
[EventRounds "8"]
[EventCountry "SWE"]
[SourceTitle "CBM 176 Extra"]
[Source "ChessBase"]
[SourceDate "2017.03.02"]
[SourceVersion "1"]
[SourceVersionDate "2017.03.02"]
[SourceQuality "1"]

1. g3 g6 2. Bg2 Bg7 3. c4 Nf6 4. Nf3 0-0 5. 0-0 d6 6. Nc3 e5 7. d4 Nbd7 8. e4 c6 9. h3 Ne8 10. Be3 f5 11. dxe5 dxe5 12. exf5 gxf5 13. Bc5 Rf7 14. Re1 Qf6 15. Bd4 exd4 16. Rxe8+ Rf8 17. Rxf8+ Nxf8 18. Ne2 Ne6 19. Qd3 Bd7 20. Rd1 c5 21. b4 Ba4 22. Rd2 Bh6 23. Rb2 Bc6 24. bxc5 Be4 25. Qa3 Bf8 26. Rd2 Bxc5 27. Qb2 Rd8 28. Nh2 Qg7 29. Nf3 Rd6 30. Nc1 Nf4 31. Kh2 Nxg2 32. Kxg2 b6 33. Nd3 Qb7 34. Nde1 a5 35. a3 a4 36. Qc1 Qc6 37. Ra2 d3 38. Qg5+ Rg6 39. Qd8+ Bf8 40. Rd2 Qxc4 41. Nxd3 Bxf3+ 42. Kh2 Qc3 43. Nf4 Qa1 44. Ng2 Qf1 45. Qd5+ Bxd5 46. Rxd5 Qxf2 0-1

[Event "Vaxjo op"]
[Site "Vaxjo"]
[Date "2017.02.10"]
[Round "4"]
[White "Bernhardsson, Sten Hilding G"]
[Black "Burwick, Malte"]
[Result "0-1"]
[WhiteElo "1990"]
[BlackElo "2251"]
[PlyCount "77"]
[EventDate "2017.02.10"]
[EventType "swiss"]
[EventRounds "8"]
[EventCountry "SWE"]
[SourceTitle "CBM 176 Extra"]
[Source "ChessBase"]
[SourceDate "2017.03.02"]
[SourceVersion "1"]
[SourceVersionDate "2017.03.02"]
[SourceQuality "1"]

1. d4 g6 2. e4 Bg7 3. Nf3 d6 4. Bc4 Nc6 5. 0-0 Nf6 6. Qe2 Bg4 7. c3 0-0 8. Bg5 h6 9. Bh4 e5 10. d5 Ne7 11. Nbd2 Nh5 12. h3 Bd7 13. Nh2 Nf4 14. Qd1 f5 15. f3 Kh8 16. Re1 Qe8 17. Nhf1 Rg8 18. Ne3 Nh5 19. Qc2 f4 20. Ng4 g5 21. Bf2 Qg6 22. Bf1 Bf8 23. c4 Ng7 24. c5 h5 25. Nh2 Ne8 26. cxd6 cxd6 27. Rac1 Bh6 28. Qb3 b6 29. Bb5 Bc8 30. Rc2 g4 31. hxg4 Nf6 32. Bh4 Bg5 33. Bxg5 Qxg5 34. Nc4 hxg4 35. Nxd6 Qh4 36. Ree2 g3 37. Nf1 Rg7 38. Rxc8+ Rxc8 39. Bc4 0-1

[Event "SWE-chT 1516 Superettan"]
[Site "Sweden"]
[Date "2016.03.20"]
[Round "9"]
[White "Burwick, Malte"]
[Black "Reimanis, Ritvars"]
[Result "0-1"]
[WhiteElo "2228"]
[BlackElo "2183"]
[PlyCount "136"]
[EventDate "2015.11.06"]
[EventType "team-tourn"]
[EventRounds "9"]
[EventCountry "SWE"]
[SourceTitle "EXT 2018"]
[Source "ChessBase"]
[SourceDate "2017.10.13"]
[SourceVersion "1"]
[SourceVersionDate "2017.10.13"]
[SourceQuality "1"]
[WhiteTeam "Upsala"]
[BlackTeam "Malmo"]
[WhiteTeamCountry "SWE"]
[BlackTeamCountry "SWE"]

1. Nf3 Nf6 2. g3 g6 3. Bg2 Bg7 4. 0-0 0-0 5. c4 c6 6. d4 d5 7. cxd5 cxd5 8. Nc3 Nc6 9. Ne5 Bf5 10. Nxc6 bxc6 11. Bf4 Rc8 12. Rc1 Nd7 13. Na4 e5 14. dxe5 Nxe5 15. b3 Re8 16. Qd2 Nd7 17. Bg5 Nf6 18. Rfe1 Qc7 19. Nc5 Qb6 20. Na4 Qc7 21. Bf4 Qe7 22. Nc5 Nd7 23. Nxd7 Qxd7 24. b4 Qb7 25. Be3 Qa6 26. Rc5 Qa3 27. Bd4 Bxd4 28. Qxd4 Qxa2 29. g4 Be6 30. e3 Qb3 31. h3 Rb8 32. Rxc6 Qxb4 33. Qxb4 Rxb4 34. Ra6 Re7 35. Rd6 a5 36. Ra6 Ra4 37. Rd1 Rd7 38. Rd4 Ra2 39. Bf3 Kf8 40. Bd1 Rc7 41. Kg2 Rc4 42. Bb3 Rxd4 43. Bxa2 Ra4 44. Bb3 Ra3 45. Bd1 Ke7 46. h4 Ra1 47. Bb3 h6 48. g5 h5 49. e4 d4 50. Bxe6 fxe6 51. e5 d3 52. Rd6 Rd1 53. Rd4 Ke8 54. Kf3 Rh1 55. Kg2 Re1 56. Rxd3 Rxe5 57. Rd6 Re4 58. Kg3 Ke7 59. Ra6 a4 60. Ra7+ Kd6 61. Rg7 Rg4+ 62. Kh3 Rb4 63. Rxg6 a3 64. Rg8 Ra4 65. Rd8+ Kc5 66. Rd1 a2 67. Ra1 Kb4 68. g6 Kb3 0-1

[Event "SWE-chT 1516 Superettan"]
[Site "Sweden"]
[Date "2016.01.16"]
[Round "4"]
[White "Steneskog, Per"]
[Black "Burwick, Malte"]
[Result "1-0"]
[WhiteElo "2198"]
[BlackElo "2228"]
[PlyCount "141"]
[EventDate "2015.11.06"]
[EventType "team-tourn"]
[EventRounds "9"]
[EventCountry "SWE"]
[SourceTitle "EXT 2018"]
[Source "ChessBase"]
[SourceDate "2017.10.13"]
[SourceVersion "1"]
[SourceVersionDate "2017.10.13"]
[SourceQuality "1"]
[WhiteTeam "Solna"]
[BlackTeam "Upsala"]
[WhiteTeamCountry "SWE"]
[BlackTeamCountry "SWE"]

1. d4 d6 2. c4 g6 3. e4 e5 4. Nf3 Nd7 5. Nc3 Bg7 6. Be2 h6 7. 0-0 Ne7 8. Be3 0-0 9. dxe5 dxe5 10. Qd2 Kh7 11. Rfd1 c6 12. Qd6 Qe8 13. Rd2 f5 14. Rad1 f4 15. Bc5 Bf6 16. Ba3 Ng8 17. c5 Rf7 18. Bc4 Re7 19. b4 a6 20. Bb2 h5 21. Na4 Kg7 22. Qd3 Nh6 23. Qb3 g5 24. Rd6 g4 25. Ne1 Nf7 26. Bxf7 Rxf7 27. Qd3 Rb8 28. Qd2 Nf8 29. Nb6 Be6 30. Bc3 Ng6 31. Qb2 Kh7 32. Nd3 Re7 33. Nxe5 Bxe5 34. Bxe5 Bb3 35. axb3 Nxe5 36. Qd2 Qf7 37. Nd7 Nxd7 38. Rxd7 Rbe8 39. Qd3 Rxd7 40. Qxd7 Re7 41. Qd3 Qg6 42. Re1 Qg7 43. Qd6 Qf7 44. Qd4 Kg6 45. Qd6+ Re6 46. Qd3 Re7 47. Rd1 Kg7 48. f3 Qg6 49. Qd8 Qe6 50. Qd4+ Qf6 51. Qxf6+ Kxf6 52. Kf2 h4 53. Rd6+ Kg5 54. h3 gxh3 55. gxh3 Rf7 56. Re6 Rd7 57. Rd6 Rf7 58. Ke2 Kh5 59. Kf2 Kg5 60. Rd8 Kf6 61. Rh8 Ke5 62. Rxh4 Kd4 63. Rh5 Kc3 64. Rf5 Re7 65. Rxf4 Kxb4 66. h4 Kxb3 67. Ke3 a5 68. Rf8 a4 69. Ra8 Rh7 70. f4 Rxh4 71. f5 1-0

[Event "Malmo op"]
[Site "Malmo"]
[Date "2015.12.19"]
[Round "2"]
[White "Burwick, Malte"]
[Black "Westerberg, Jonathan"]
[Result "0-1"]
[WhiteElo "2239"]
[BlackElo "2497"]
[PlyCount "74"]
[EventDate "2015.12.18"]
[EventType "swiss"]
[EventRounds "7"]
[EventCountry "SWE"]
[SourceTitle "EXT 2017"]
[Source "ChessBase"]
[SourceDate "2016.10.25"]
[SourceVersion "1"]
[SourceVersionDate "2016.10.25"]
[SourceQuality "1"]

1. Nf3 d5 2. g3 Nf6 3. Bg2 g6 4. 0-0 Bg7 5. d3 0-0 6. Nbd2 c5 7. e4 e6 8. c3 Nc6 9. a3 a5 10. Re1 b6 11. e5 Ne8 12. Nf1 Ra7 13. h4 f6 14. exf6 Nxf6 15. Bf4 Nh5 16. Bg5 Qd6 17. d4 Raf7 18. Be3 h6 19. Rc1 Kh7 20. Rc2 Bb7 21. Rd2 cxd4 22. cxd4 Rc7 23. Qb1 Re7 24. N1h2 e5 25. dxe5 Nxe5 26. Nxe5 Qxe5 27. f4 Qd6 28. Bf2 Rfe8 29. Rxe7 Rxe7 30. Ng4 d4 31. Bxb7 Rxb7 32. Qe4 Re7 33. Qd3 Qd5 34. Kh2 Re4 35. Qf3 Qf5 36. Kh3 Nxf4+ 37. gxf4 Rxf4 0-1

[Event "SWE-chT 1516 Superettan"]
[Site "Sweden"]
[Date "2015.11.06"]
[Round "1"]
[White "Burwick, Malte"]
[Black "Alarik, Martin"]
[Result "1/2-1/2"]
[WhiteElo "2228"]
[BlackElo "2021"]
[PlyCount "71"]
[EventDate "2015.11.06"]
[EventType "team-tourn"]
[EventRounds "9"]
[EventCountry "SWE"]
[SourceTitle "EXT 2018"]
[Source "ChessBase"]
[SourceDate "2017.10.13"]
[SourceVersion "1"]
[SourceVersionDate "2017.10.13"]
[SourceQuality "1"]
[WhiteTeam "Upsala"]
[BlackTeam "Stockholm Rockaden II"]
[WhiteTeamCountry "SWE"]
[BlackTeamCountry "SWE"]

1. Nf3 c5 2. c4 Nf6 3. g3 b6 4. Bg2 Bb7 5. 0-0 e6 6. Nc3 Be7 7. d4 cxd4 8. Qxd4 Nc6 9. Qf4 d6 10. b3 a6 11. Rd1 Qc7 12. Bb2 0-0 13. Rac1 Ne5 14. h3 Rfd8 15. e4 Rac8 16. Qe3 Nxf3+ 17. Bxf3 Nd7 18. Bg2 Qb8 19. Qe2 Re8 20. f4 Nf8 21. a4 Qc7 22. Kh2 Qc5 23. Na2 Qc7 24. Qg4 g6 25. f5 exf5 26. exf5 Nd7 27. Bxb7 Qxb7 28. fxg6 hxg6 29. Rf1 Bf8 30. Rce1 Ne5 31. Bxe5 dxe5 32. Nc3 Bb4 33. Nd5 Bxe1 34. Rxe1 Re6 35. Qg5 Rce8 36. Nf6+ 1/2-1/2

[Event "Vasteras op"]
[Site "Vasteras"]
[Date "2015.09.27"]
[Round "8"]
[White "Burwick, Malte"]
[Black "Hillarp Persson, Tiger"]
[Result "0-1"]
[WhiteElo "2228"]
[BlackElo "2546"]
[PlyCount "72"]
[EventDate "2015.09.25"]
[EventType "swiss"]
[EventRounds "8"]
[EventCountry "SWE"]
[SourceTitle "EXT 2016"]
[Source "ChessBase"]
[SourceDate "2015.10.08"]
[SourceVersion "1"]
[SourceVersionDate "2015.10.08"]
[SourceQuality "1"]

1. Nf3 d6 2. g3 g6 3. Bg2 Bg7 4. 0-0 e5 5. c4 Ne7 6. Nc3 0-0 7. d4 Nd7 8. e4 exd4 9. Nxd4 Nc6 10. Nde2 a5 11. Be3 Nde5 12. b3 a4 13. h3 axb3 14. axb3 Rxa1 15. Qxa1 f5 16. Qc1 fxe4 17. Nxe4 Nf3+ 18. Kh1 Qe8 19. N2c3 Bxc3 20. Nxc3 Nce5 21. Nb5 g5 22. Bxg5 Rf5 23. Bh4 Qf7 24. Qe3 Kg7 25. Nd4 Nxh4 26. Nxf5+ Nxf5 27. Qg5+ Ng6 28. Qd8 Be6 29. h4 h6 30. Ra1 Nd4 31. Ra7 Qxf2 32. Qxc7+ Kf6 33. Qxb7 Nf5 34. Ra1 Nxg3+ 35. Kh2 Ne5 36. b4 d5 0-1

[Event "Vasteras op"]
[Site "Vasteras"]
[Date "2015.09.25"]
[Round "4"]
[White "Burwick, Malte"]
[Black "Karlsson, Lars"]
[Result "1/2-1/2"]
[WhiteElo "2228"]
[BlackElo "2443"]
[PlyCount "47"]
[EventDate "2015.09.25"]
[EventType "swiss"]
[EventRounds "8"]
[EventCountry "SWE"]
[SourceTitle "EXT 2016"]
[Source "ChessBase"]
[SourceDate "2015.10.08"]
[SourceVersion "1"]
[SourceVersionDate "2015.10.08"]
[SourceQuality "1"]

1. c4 e5 2. g3 Nc6 3. Bg2 g6 4. Nc3 Bg7 5. Rb1 d6 6. b4 f5 7. b5 Nd4 8. e3 Ne6 9. Nge2 Nf6 10. d3 0-0 11. 0-0 g5 12. f4 gxf4 13. exf4 exf4 14. Nxf4 Nxf4 15. Bxf4 a6 16. a4 axb5 17. axb5 Ng4 18. Qd2 Ra3 19. d4 Qf6 20. Rfd1 Qxd4+ 21. Qxd4 Bxd4+ 22. Rxd4 Rxc3 23. b6 cxb6 24. Bxd6 1/2-1/2